000 00850nam a22002537a 4500
005 20170123162313.0
010 _aA-482244
020 _c60.00
035 _aA-482244
037 _bCen Lib/Ret
040 _aDPL
_bUR
082 _aک
_bک ه ن
100 _aکھننا، گھلشن
_9112969
245 _aبارش میں ایک آدمی :
_c گھلشن کھننا
_bافسانے /
246 _aBarish mein ek aadmi : afsane /
_bby Gulshan Khanna
260 _aنیو دہلی
_bماڈرن پبلشنگ ہاؤس
_c1992
270 _bنیو دہلی
_a٩، گولہ مارکیٹ، دریگنج
_e110002
300 _a128p.
_c19cm(Hb)
650 _a ادب - اردو
_9112970
650 _a اردو کہانیاں
_9818
650 _aLiterature -- Urdu
_9112971
650 _aUrdu stories
_9112972
942 _2ddc
_cUR
_hک
_mک ه ن
999 _c106539
_d106539